|
|
|
|
| LEADER |
00908nam a2200241 i 4500 |
| 001 |
c000355275 |
| 003 |
CARM |
| 005 |
00000000000000.0 |
| 008 |
751104s1975 gw 00011 ger |
| 015 |
|
|
|a GFR***
|
| 019 |
1 |
|
|a 301848
|z 12613715
|5 LACONCORD2021
|
| 020 |
|
|
|a 3518067559 :
|c DM5.00
|
| 035 |
|
|
|a (OCoLC)1926322
|5 LACONCORD2021
|
| 050 |
0 |
0 |
|a PT2627.O759
|b U4
|
| 100 |
1 |
|
|a Nossack, Hans Erich,
|d 1901-1977.
|
| 245 |
1 |
0 |
|a Um es kurz zu machen :
|b Miniaturen /
|c Hans Erich Nossack ; zusammengestellt von Christof Schmid.
|
| 250 |
|
|
|a 1. Aufl.
|
| 260 |
|
|
|a Frankfurt am Main :
|b Suhrkamp,
|c 1975.
|
| 300 |
|
|
|a 119 p. ;
|c 18 cm.
|
| 490 |
0 |
|
|a Suhrkamp Taschenbuch ; 255
|
| 852 |
8 |
|
|b CARM
|h A1:AN19A0
|i A04635
|p 0412131
|f BK
|
| 999 |
f |
f |
|i 9e718a17-97e3-581d-b16c-a2874b9c9ee9
|s 747301cd-ca79-53c7-99a5-08064be08399
|
| 952 |
f |
f |
|p Can circulate
|a CAVAL
|b CAVAL
|c CAVAL
|d CARM 1 Store
|e A04635
|f A1:AN19A0
|h Other scheme
|i book
|m 0412131
|